Odas y épodos
Gardado en:
| Autor Principal: | |
|---|---|
| Formato: | Libro |
| Idioma: | Lingua castelá |
| Publicado: |
Ciudad de México
Porrúa
1977
|
| Edición: | 2a. ed |
| Series: | Sepan Cuantos..., 240
|
| Subjects: | |
| Tags: |
Engadir etiqueta
Sen Etiquetas, Sexa o primeiro en etiquetar este rexistro!
|
MARC
| LEADER | 00000nam a2200000 a 4500 | ||
|---|---|---|---|
| 001 | UCQ0069 | ||
| 003 | CL-VaPUC | ||
| 008 | 980619e19770000MX |||||||||||||||||spa|d | ||
| 082 | 0 | 4 | |a 871 |b HOR |2 21 |
| 100 | |a Horacio |e author |9 267078 | ||
| 245 | 1 | 0 | |a Odas y épodos |
| 246 | 1 | 0 | |a Sátiras |
| 246 | 1 | 0 | |a Epistolas |
| 246 | 1 | 0 | |a Arte poética |
| 250 | |a 2a. ed | ||
| 300 | |a 181 p | ||
| 942 | |c BK | ||
| 945 | |d 19980619 00:00:00 |a mvenant | ||
| 260 | |a Ciudad de México |b Porrúa |c 1977 | ||
| 650 | 7 | |a POESIAS LATINAS |2 CL-VaPUC |9 413075 | |
| 650 | 0 | |a Sátiras latinas |9 330403 | |
| 650 | 7 | |a CORRESPONDENCIAS LATINAS |2 CL-VaPUC |9 413076 | |
| 583 | |a last modification |c 19980619 00:00:00 |k Rodrigo Vera | ||
| 490 | 0 | |a Sepan Cuantos..., 240 | |
| 999 | |c 271230 |d 271228 | ||
| 952 | |0 0 |1 0 |4 0 |6 871_000000000000000_HOR_1977 |7 0 |8 A |9 305820 |a BIBARQ |b BIBARQ |d 2019-11-20 |i 3437116 |o 871 HOR 1977 |p 3437116 |r 2025-01-20 |w 2019-11-20 |y BK |k ARQ | ||
| 952 | |0 0 |1 0 |4 0 |6 871_000000000000000_HOR_1977 |7 0 |8 A |9 305821 |a BIBEDU |b BIBEDU |d 2019-11-20 |i 1461729 |o 871 HOR 1977 |p 1461729 |r 2019-11-20 |w 2019-11-20 |y BK |k LIT | ||
| 952 | |0 0 |1 0 |4 0 |6 871_000000000000000_HOR_1977 |7 0 |8 A |9 305822 |a BIBEDU |b BIBEDU |d 2019-11-20 |i 146177K |o 871 HOR 1977 |p 146177K |r 2019-11-20 |w 2019-11-20 |y BK |k LIT | ||
| 952 | |0 0 |1 0 |4 0 |6 871_000000000000000_HOR_1977 |7 0 |8 A |9 305823 |a BIBEDU |b BIBEDU |d 2019-11-20 |i 1461125 |o 871 HOR 1977 |p 1461125 |r 2019-11-20 |w 2019-11-20 |y BK |k LIT | ||
| 952 | |0 0 |1 0 |4 0 |6 871_000000000000000_HOR_1977 |7 0 |8 A |9 305824 |a BIBEDU |b BIBEDU |d 2019-11-20 |i 1461176 |o 871 HOR 1977 |p 1461176 |r 2019-11-20 |w 2019-11-20 |y BK |k LIT | ||
| 952 | |0 0 |1 0 |4 0 |6 871_000000000000000_HOR_1977 |7 0 |8 A |9 305825 |a BIBART |b BIBART |d 2019-11-20 |i 1206397 |o 871 HOR 1977 |p 1206397 |r 2025-03-13 |w 2019-11-20 |y BK |k ART | ||